Industrial Electronics A For Programmable Controllers instrumentation & Process Control & Electrucal.. (Record no. 30122)

MARC details
000 -LEADER
fixed length control field 00409nam a22001457a 4500
003 - CONTROL NUMBER IDENTIFIER
control field OSt
005 - DATE AND TIME OF LATEST TRANSACTION
control field 20220214095116.0
008 - FIXED-LENGTH DATA ELEMENTS--GENERAL INFORMATION
fixed length control field 220214b |||||||| |||| 00| 0 eng d
020 ## - INTERNATIONAL STANDARD BOOK NUMBER
International Standard Book Number 0130602418
040 ## - CATALOGING SOURCE
Transcribing agency HU
082 ## - DEWEY DECIMAL CLASSIFICATION NUMBER
Edition number 3rd
Classification number 627.381
100 ## - MAIN ENTRY--PERSONAL NAME
Personal name Kissell
9 (RLIN) 30343
245 ## - TITLE STATEMENT
Title Industrial Electronics A For Programmable Controllers instrumentation & Process Control & Electrucal..
942 ## - ADDED ENTRY ELEMENTS (KOHA)
Source of classification or shelving scheme Dewey Decimal Classification
Koha item type Books like text book referance book
Suppress in OPAC No
Holdings
Withdrawn status Lost status Source of classification or shelving scheme Damaged status Not for loan Home library Current library Shelving location Date acquired Total Checkouts Full call number Barcode Date last seen Copy number Price effective from Koha item type
    Dewey Decimal Classification     IoT Library IoT Library General Stacks 02/14/2022   627.381/KIS 2003 IOTL0012272 02/14/2022 1 02/14/2022 Books like text book referance book
    Dewey Decimal Classification     IoT Library IoT Library General Stacks 02/14/2022   627.381/KIS 2003 IOTL0012273 02/14/2022 2 02/14/2022 Books like text book referance book
    Dewey Decimal Classification     IoT Library IoT Library General Stacks 02/14/2022   627.381/KIS 2003 IOTL0012274 02/14/2022 3 02/14/2022 Books like text book referance book
    Dewey Decimal Classification     IoT Library IoT Library General Stacks 02/14/2022   627.381/KIS 2003 IOTL0012275 02/14/2022 4 02/14/2022 Books like text book referance book
    Dewey Decimal Classification     IoT Library IoT Library General Stacks 02/14/2022   627.381/KIS 2003 IOTL0012276 02/14/2022 5 02/14/2022 Books like text book referance book
    Dewey Decimal Classification     IoT Library IoT Library General Stacks 03/03/2022   627.381/KIS 2003 IOTL0016234 03/03/2022 6 03/03/2022 Books like text book referance book
    Dewey Decimal Classification     IoT Library IoT Library General Stacks 03/03/2022   627.381/KIS 2003 IOTL0016235 03/03/2022 7 03/03/2022 Books like text book referance book
    Dewey Decimal Classification     IoT Library IoT Library General Stacks 03/03/2022   627.381/KIS 2003 IOTL0016236 03/03/2022 8 03/03/2022 Books like text book referance book
    Dewey Decimal Classification     IoT Library IoT Library General Stacks 03/03/2022   627.381/KIS 2003 IOTL0016237 03/03/2022 9 03/03/2022 Books like text book referance book